Upgrade your French

Salvato in:
Dettagli Bibliografici
Autore principale: Jubb, Margaret
Natura: Libro
Lingua:inglese
Pubblicazione: Routledge 2020
Tags: Aggiungi Tag
Nessun Tag, puoi essere il primo ad aggiungerne!!

MARC

LEADER 00000nam a22000007a 4500
008 231026b |||||||| |||| 00| 0 eng d
020 |a 9781138500129 
100 |a Jubb, Margaret 
245 |a Upgrade your French  |c  / Margaret Jubb  |e (Upgrade your ...)  |g xiv, 241p. 
250 |b 3rd ed. 
260 |b Routledge  |c 2020  |h London  |i 701029  |i 701030  |l PC2119.J87  |m French language - Examinations - Study guides 
942 |a lcc  |c BK  |e A.R.Akinniyi  |f 26:10:2023 
952 |0 0  |1 0  |2 lcc  |4 0  |6 PC2119 J87  |7 0  |9 4607  |a HOL  |b HOL  |c LP  |d 2023-10-26  |l 0  |o PC2119.J87  |p 2023-0526  |r 2023-10-26 00:00:00  |t 701029, 701030  |w 2023-10-26  |y BK 
999 |c 2310  |d 2310